Fruits Sudden Death - Statistics

General Stats
  • This quiz has been taken 43 times
  • The average score is 8 of 10
Answers on the Grid
Answers color-coded by a green-red scale on the quiz's grid according to % correct below.
Pomegranate
Grape Leaves
Kale
Strawberry
Pea
Mushroom
Durian
Corn
Kiwi
Grapefruit
Edamame
Guava
Jicama
Dates
Dragonfruit
Beet
Cranberry
Potato
Pumpkin
Cherry
 
Answer Stats
Answer % Correct
Grapefruit
91%
Pomegranate
88%
Kiwi
85%
Strawberry
85%
Cherry
82%
Dragonfruit
82%
Cranberry
79%
Durian
67%
Dates
64%
Guava
64%
No matching quizzes found
Score Distribution
Percent of People with Each Score
Percentile by Number Answered
Your Score History
You have not taken this quiz